[Event "UK-ch Blitz-B"]
[Site "Leamington Spa"]
[Date "2023.12.02"]
[Round "1.1"]
[White "Hariharan, Shambavi"]
[Black "Bhatia, Kanishka"]
[Result "0-1"]
[WhiteElo "1623"]
[BlackElo "1768"]
[PlyCount "132"]
[EventDate "2023.12.02"]
[EventType "tourn (blitz)"]
[EventRounds "15"]
[EventCountry "ENG"]
[SourceTitle "CB50_2023"]
[SourceDate "2023.12.13"]
[SourceVersion "1"]
[SourceVersionDate "2023.12.13"]
[SourceQuality "1"]

1. d4 d5 2. c4 e6 3. g3 Nf6 4. Bg2 Be7 5. Nf3 0-0 6. 0-0 Nbd7 7. Nc3 b6 8. Bf4 Bb7 9. cxd5 Nxd5 10. Nxd5 Bxd5 11. Rc1 c5 12. Ne5 Bxg2 13. Kxg2 Nxe5 14. Bxe5 Qd5+ 15. Kg1 Rfd8 16. Bf4 Qxd4 17. Qxd4 Rxd4 18. Rfd1 Rad8 19. Rxd4 Rxd4 20. Be3 Rd7 21. Bf4 Bf6 22. b3 g6 23. Kf1 h5 24. e4 Bb2 25. Rc2 Bd4 26. Ke2 Kg7 27. Rd2 Kf6 28. Kf3 Ke7 29. h4 e5 30. Bg5+ f6 31. Bh6 Ke6 32. Rd3 Rh7 33. Bd2 b5 34. Ke2 Rc7 35. Bc1 c4 36. bxc4 bxc4 37. Rd2 c3 38. Rc2 a5 39. Ke1 Rb7 40. Ke2 a4 41. f3 f5 42. Kd3 fxe4+ 43. fxe4 Rd7 44. Ke2 Rf7 45. Be3 Kd6 46. Rc1 Kc5 47. Rc2 Kc4 48. Bc1 Rf2+ 49. Kd1 Rxc2 50. Kxc2 Bf2 51. Bg5 Bxg3 52. Bf6 Bf4 53. Be7 Kd4 54. Bf6 Kxe4 55. Kxc3 Kf3 56. Kb4 a3 57. Kxa3 e4 58. Kb4 e3 59. Bc3 e2 60. a4 Be3 61. a5 Kf2 62. Kb5 e1Q 63. Bxe1+ Kxe1 64. a6 Kf2 65. Kc6 Kg3 66. Kb7 Kxh4 0-1

[Event "Daventry 4NCL op-A 30th"]
[Site "Daventry"]
[Date "2023.06.17"]
[Round "2"]
[White "Larchikov, Maksym"]
[Black "Hariharan, Shambavi"]
[Result "1-0"]
[WhiteElo "1839"]
[BlackElo "1594"]
[PlyCount "101"]
[EventDate "2023.06.16"]
[EventType "swiss"]
[EventRounds "5"]
[EventCountry "ENG"]
[SourceTitle "CBM 214 Extra"]
[Source "ChessBase"]
[SourceDate "2023.07.31"]
[SourceVersion "1"]
[SourceVersionDate "2023.07.31"]
[SourceQuality "1"]

1. d4 d5 2. c4 c6 3. Nf3 Nf6 4. e3 e6 5. Nc3 Nbd7 6. Qc2 Be7 7. b3 Qc7 8. Bb2 b6 9. Bd3 Bb7 10. 0-0 0-0 11. Rfd1 Rfd8 12. Rac1 Rac8 13. Qe2 c5 14. cxd5 exd5 15. dxc5 bxc5 16. Bb1 a6 17. b4 Qb6 18. bxc5 Nxc5 19. Nd4 Nce4 20. Nf5 Bf8 21. Nxe4 Nxe4 22. Bxe4 dxe4 23. Rb1 Rxd1+ 24. Qxd1 Qe6 25. Bxg7 Bxg7 26. Nxg7 Kxg7 27. Rxb7 Qc6 28. Rb1 Qc2 29. h3 Qxd1+ 30. Rxd1 Rc2 31. a4 Rc4 32. Rd4 Rxd4 33. exd4 Kf6 34. Kf1 Ke6 35. Ke2 Kd5 36. Ke3 f5 37. Kf4 Kxd4 38. Kxf5 a5 39. g4 Kd5 40. g5 Kd4 41. h4 Kc4 42. h5 Kb4 43. g6 hxg6+ 44. hxg6 Kxa4 45. g7 Kb3 46. g8Q+ Kb4 47. Kxe4 a4 48. Kd4 a3 49. Qb8+ Ka4 50. Kc4 a2 51. Qa8# 1-0

[Event "Cambridge op"]
[Site "Cambridge"]
[Date "2023.02.17"]
[Round "5"]
[White "Hariharan, Shambavi"]
[Black "Kent, Rowan"]
[Result "1/2-1/2"]
[WhiteElo "1491"]
[BlackElo "1247"]
[PlyCount "72"]
[EventDate "2023.02.15"]
[EventType "swiss"]
[EventRounds "9"]
[EventCountry "ENG"]
[SourceTitle "CBM 212 Extra"]
[Source "ChessBase"]
[SourceDate "2023.03.31"]
[SourceVersion "1"]
[SourceVersionDate "2023.03.31"]
[SourceQuality "1"]

1. d4 Nf6 2. Nf3 d6 3. c4 g6 4. g3 Bg7 5. Bg2 0-0 6. 0-0 Nbd7 7. Nc3 c5 8. d5 a6 9. a4 b6 10. Re1 Ne8 11. Bd2 Nc7 12. Qc2 Ne5 13. Nxe5 Bxe5 14. Bh6 Bg7 15. Qd2 Bd7 16. Bxg7 Kxg7 17. b3 a5 18. e4 Qc8 19. Qb2 Na6 20. Rad1 Rh8 21. e5 Kg8 22. exd6 exd6 23. Re7 Bf5 24. Rde1 Nb4 25. Be4 Bxe4 26. Nxe4 Nd3 27. Qf6 Qf5 28. Qxf5 gxf5 29. Nf6+ Kg7 30. Ne8+ Raxe8 31. Rxe8 Nxe1 32. Rxe1 Kf6 33. Kg2 Rg8 34. f4 Rd8 35. Kf3 Rg8 36. h3 h5 1/2-1/2

[Event "Daventry 4NCL Easter op-C 2nd"]
[Site "Daventry"]
[Date "2022.04.16"]
[Round "3"]
[White "Beswick, Andrew"]
[Black "Hariharan, Shambavi"]
[Result "0-1"]
[WhiteElo "1684"]
[BlackElo "1466"]
[PlyCount "114"]
[EventDate "2022.04.15"]
[EventType "swiss"]
[EventRounds "7"]
[EventCountry "ENG"]
[SourceTitle "CBM 207 Extra"]
[Source "ChessBase"]
[SourceDate "2022.05.31"]
[SourceVersion "1"]
[SourceVersionDate "2022.05.31"]
[SourceQuality "1"]

1. e4 c6 2. d4 d5 3. exd5 cxd5 4. Bd3 Nc6 5. Nf3 Bg4 6. c3 Nf6 7. h3 Bh5 8. 0-0 e6 9. Bg5 Be7 10. Nbd2 0-0 11. Re1 Re8 12. Qa4 a6 13. Ne5 Nxe5 14. dxe5 Nd7 15. Bxe7 Qxe7 16. g4 Bg6 17. Bxg6 hxg6 18. Nf3 Nc5 19. Qd4 b5 20. Rad1 Ne4 21. Kg2 Rec8 22. a3 Qc5 23. Qxc5 Nxc5 24. Nd4 Na4 25. Re2 Rab8 26. f4 Nc5 27. f5 gxf5 28. gxf5 a5 29. fxe6 Nxe6 30. Nxe6 fxe6 31. Rd4 Rf8 32. Rd3 b4 33. cxb4 axb4 34. a4 Rfc8 35. b3 Rc3 36. Red2 Rbc8 37. Kf3 Rc1 38. Rd4 R8c3+ 39. R4d3 Rb1 40. Rxc3 bxc3 41. Rc2 Rxb3 42. Ke3 Ra3 43. Kd3 Rxa4 44. Rxc3 Re4 45. Rc6 Rxe5 46. Rd6 Kf7 47. Rd7+ Kf6 48. Rd8 Rh5 49. Rf8+ Ke5 50. Rf3 d4 51. Rg3 Kd5 52. Rxg7 Rxh3+ 53. Kd2 e5 54. Rd7+ Ke4 55. Ra7 Rh2+ 56. Kd1 Ke3 57. Ra3+ d3 0-1